Представление документа в формате RUSMARC

ПолеНазваниеЗначение
  Тип записи a
  Библиографический уровень a
001 Контрольный номер RU/CBS_UL/BASE/206ba7f8dae245c990103d967c22d84b
005 Дата корректировки 20251030152335.3
100 Данные общей обработки __
a Данные общей обработки 20250507 ||| 0rusy0189 ca
101 Язык документа 0_
a Язык текста rus
102 Страна публикации __
a Страна публикации RU
200 Заглавие и сведения об ответственности 1_
a Заглавие Высота Сергея Симоняна
e Сведения, относящиеся к заглавию [о сыне-фронтовика, поисковике С.М. Симоняне]
f Первые сведения об ответственности О. Миммиева
g Последующие сведения об ответственности фот. В. Фролов
300 Общие примечания __
a Общие примечания 16+
461 Уровень набора _0
1 2000
a Родина
463 Уровень физической единицы _0
1 2000
a № 3
v С. 40-41 : фот.
1 2101
d 2023
1 001RU/CBS_UL/BASE/7053cac77d2a4ac4ba59b1245707d6fd
600 Персоналии _1
a Персоналии (Фамилия) Симонян
b Персоналии (Имя, инициалы) С.М.
606 Тематические рубрики 0_
a Основная рубрика Поисковые движения - Карелия
y Географическая подрубрика Карелия
610 Ключевые слова 0_
a Ключевые слова войны
610 Ключевые слова 0_
a Ключевые слова Великая Отечественная война
610 Ключевые слова 0_
a Ключевые слова поисковые работы
610 Ключевые слова 0_
a Ключевые слова проводники
610 Ключевые слова 0_
a Ключевые слова перезахоронения
610 Ключевые слова 0_
a Ключевые слова партизанские движения
610 Ключевые слова 0_
a Ключевые слова историческая память
610 Ключевые слова 0_
a Ключевые слова воспитание молодёжи
686 Индексы других классификаций __
2 Код системы rubbk
a Классификационный индекс 63.3(2)622.89
700 Автор _1
a Фамилия Миммиева
b Имя (инициалы) О.
801 Источник записи _0
a Страна RU
b Организация МБУК ЦБС г. Ульяновска
c Дата составления 20250507
g Правила каталогизации RCR
801 Источник записи _1
a Страна RU
b Организация МБУК ЦБС г. Ульяновска
c Дата составления 20250507
g Правила каталогизации RCR
901 Тип документа __
t Тип документа b
w Контрольный № источника RU/CBS_UL/BASE/7053cac77d2a4ac4ba59b1245707d6fd
909 Создатель записи __
a Создатель записи lib1